| 000 | 01335nam a22003257a 4500 | ||
|---|---|---|---|
| 003 | EG-ScBUE | ||
| 005 | 20211010101627.0 | ||
| 008 | 211010s2003 ua k f b 000 0 ara d | ||
| 017 | _a2003/2247 | ||
| 020 | _a9773371352 | ||
| 040 |
_aEG-ScBUE _bara _erda _cEG-ScBUE _dEG-ScBUE |
||
| 082 | 0 | 4 |
_a153.35 _bم ر ك _222 |
| 110 | 2 |
_aمركز الخبرات المهنية للادارة (بميك)، _eمؤلف. |
|
| 245 | 1 | 2 |
_aالإبداع : _bالقواعد غير المكتوبة / _cإعدد إصدارات بميك ؛ الإشراف العلمي د. عبد الرحمن توفيق. |
| 264 | 1 |
_aالقاهرة : _bمركز الخبرات المهنية للإدارة (بميك)، _c2003. |
|
| 300 |
_a192 صفحة : _bأشكال ؛ _c24 سم. |
||
| 336 |
_2rdacontent _aنص _btxt |
||
| 337 |
_2rdamedia _aبدون وسيط _bn |
||
| 338 |
_2rdacarrier _aمجلد _bnc |
||
| 490 | 0 |
_aسلسلة إصدارات بميك ؛ _v49 |
|
| 490 | 0 |
_aموسوعة مدربون بارعون ؛ _v3 |
|
| 504 | _aيشتمل على إرجاعات ببليوجرافية. | ||
| 541 | _cDonation. | ||
| 650 | 7 |
_aالإبداع. _2BUEsh |
|
| 650 | 7 |
_aالتفكير الإبداعي. _2BUEsh |
|
| 653 |
_bGGEN _cOctober2021 |
||
| 655 |
_vReading book _934232 |
||
| 700 | 1 |
_aتوفيق، عبد الرحمن، _eمشرف. _940942 |
|
| 942 | _2ddc | ||
| 999 |
_c29562 _d29533 |
||